000 00674cam a2200253 4500
001 WB3802-20
008 020117n2002 000 0 eng u
035 _a(Sirsi) u116348
245 _aSpain
260 _c2002
490 _aRICS European Economic Brief
_vWinter/Spring 2002, 5(1)
520 _aEconomic brief of the Spanish property market.
590 _aWB
650 _aSPAIN
650 _aEURO AREA
650 _aRICS UK ECONOMIC BRIEF
650 _aRESIDENTIAL SECTOR
650 _aPROPERTY-COMMERCIAL PROPERTY
650 _aRENTAL GROWTH
650 _aINDUSTRIAL SECTOR
650 _aRETAIL SECTOR
690 _aINTERNATIONAL-EUROPE
942 _n0
999 _c69300
_d69300